000 01310nam0a22003011 4500
001 rc\352399
005 20260406114318.0
010 _a5-7670-0172-3
_9120000
035 _a(NLR Aleph) 005572245
090 _a6024156
_c6024156
100 _a20030307d1989 |||y0rusy50 ca
101 0 _arus
102 _aRU
105 _aa |||||||||
200 1 _aНа графских развалинах
_eПовести и рассказ
_e[Для сред. шк. возраста]
_fАркадий Гайдар
_g[Худож. С.В. Чернов]
210 _aЧебоксары
_cЧуваш. кн. изд-во
_d1989
215 _a190, [2] с.
_cил.
_d22
225 1 _aШкольная библиотека
327 1 _aСодерж.: Повести: На графских развалинах; Дальние страны; Р.В.С.: Рассказ
464 0 _12001#$aНа графских развалинах
_tНа графских развалинах
464 0 _12001#$aДальние страны
_tДальние страны
464 0 _12001#$aР.В.С.
_tР.В.С.
700 1 _8rus
_7ca
_aГайдар
_bА. П.
_f1904-1941
_gАркадий Петрович
_3RU\NLR\AUTH\77239
_9110298
801 0 _aRU
_bNLR
_gpsbo
801 1 _aRU
_bELAR
_2rusmarc
852 _aNLR
_j89-3/6099
942 _cBOOK
980 _aNB